| 000 | 00551nam a22001457a 4500 | ||
|---|---|---|---|
| 082 | _aMSEE-6 ARM | ||
| 100 | _aMuhammad Armghan Mehmood | ||
| 245 | _aPID control of Input-parallel Output-series DC-DC Converter for wide range of input voltage | ||
| 260 |
_aIslamabad _bNUST-SEECS _c2017 |
||
| 300 |
_a47p. _eCD Includes |
||
| 856 | _uhttp://10.250.8.41:8080/xmlui/handle/123456789/24509 | ||
| 942 |
_2ddc _cTHE |
||
| 999 |
_c332362 _d332362 |
||